Τα παλληκάρια τα καλά σύντροφοι τα σκοτώνουν

Αποθηκεύτηκε σε:
Λεπτομέρειες βιβλιογραφικής εγγραφής
Κύριος συγγραφέας: Τζανακάρης, Βασίλης Ι., 1944-
Μορφή: Βιβλίο
Γλώσσα:Greek
Δημοσίευση: Αθήνα : Καστανιώτης, 2002
Έκδοση:4η έκδ.
Σειρά:Μαρτυρίες - Βιογραφίες (Καστανιώτης)
Θέματα:
Ετικέτες: Προσθήκη ετικέτας
Δεν υπάρχουν, Καταχωρήστε ετικέτα πρώτοι!

MARC

LEADER 00000cam a2200000 i 4500
001 1/87864
008 051020s2002 gre d
020 |a 960-03-3299-1 
035 |l 10080931 
040 |a GR-MY-UA  |b gre  |e aacr 
041 0 |a gre 
082 0 |a 938.63  |2 (22) 
100 1 |a Τζανακάρης, Βασίλης Ι.,   |d 1944- 
245 1 3 |a Τα παλληκάρια τα καλά σύντροφοι τα σκοτώνουν /  |c Βασίλης Ι. Τζανακάρης 
250 |a 4η έκδ. 
260 |a Αθήνα :   |b Καστανιώτης,   |c 2002 
300 |a 460 σ.;  |b εικ., πνομ., χάρτ.;  |c 25 εκ. 
490 1 |a (Μαρτυρίες - Βιογραφίες / Καστανιωτης) 
504 |a Περιέχει βιβλιογραφία 
650 0 0 |a Brigands and robbers  |z Greece  |x History  |y 20th century. 
830 0 |a Μαρτυρίες - Βιογραφίες (Καστανιώτης) 
852 |a INST  |b LESVOS  |e 20051020  |h 938.63 ΤΖΑ  |p 005100032859  |q 005100032859  |t BK  |y 0 
901 |a BIBL1-2005-3 
909 |a Λ  |b 124379 
922 |a 1ΕΛΗ  |b 200510  |c Παράρτημα Λέσβου  |d Χατζηδανιήλ 
970 |a ΚΑΡΑ  |b ΓΙΑΣΕΜΗ  |z 2005/10/20